000 01254cam a2200289 i 4500
005 20160930020002.0
008 901211s1990 ck a r 00010 spa d
015 _ack-1990-xxxx
020 _a9586380335 (Obra completa)
020 _a9586380297 (Obra Completa)
040 _ala
_cla
_dCO-BoIAVH
041 1 _aspa
043 _as-ck---
082 0 4 _a584.4
_bO77o
100 1 _aOrtiz V., Pedro
245 1 0 _aOrquídeas nativas de Colombia /
_cPedro Ortiz V. y (otros cuatro autores) ; coordinación y supervisión Rodrigo Escobar R. ; fotografía Jorge Mario Múnera ; traducción Fereshtel Ebrahimzadeh, Pedro Ortiz V., Piedad Mármol de Dodson.
260 _aMedellín :
_bEditorial Colina,
_c1990.
300 _aVolúmenes :
_bilustraciones y fotografías ;
_c31 cm.
500 _aLibro reseñado en : Boletín cultural y bibliográfico.
650 1 4 _aOrquídeas
_x Clasificación
_z Colombia.
650 2 4 _aOrquídeas
_x Taxonomía
_z Colombia.
700 1 _aEscobar R. Rodrigo,
_efotógrafo
700 1 _aMúnera, Jorge Mario,
_d1953-,
_eilustrador.
700 1 _aEbrahimzadelt, Fereshtea,
_etraductora.
700 1 _aMármol de Dodson, Piedad,
_etraductora.
942 _2ddc
_cLIBRO
_01
999 _c2381
_d2381